{"text_format":"3","workbook":"xlsx","n_sheets":2,"sheets":["清单","NO"],"not_rendered":{"defined_names":2},"read":"whole","date_system":"1900"}

{"sheet":"清单","index":0,"n_rows":39,"n_cols":10,"rows_kept":39,"merged":[[0,0,0,7],[2,0,2,1],[5,0,5,1],[14,0,14,1],[18,0,18,1],[39,0,39,1]]}
["门诊儿科、西药房、康复科、眼科修缮项目预算"]
["序号","项目名称","项目特征","单位","数量","单价","合价","备注"]
["一、门诊首层儿科遮光帘"]
[1,"儿科廊厅圆型天花装电动遮光帘（电机4台、杜亚遥控电机）","1、遥控电机4台\n2、圆型花状遮光帘（B1阻燃面料）\n3、边框铝合金轨道\n4、接通2.5㎡方电线，电箱单独控制\n5、材质：铝合金（纯铜线芯）\n6、功率：15w\n7、减速比：1:3-1:750\n8、电压：24V","㎡",{"v":21,"d":"21.00"}]
[null,"小计"]
["二、西药房办公区改造"]
[1,"拆原有彩钢板隔墙","1、保护性拆除\n2、搬至甲方指定地点","㎡",{"v":8,"d":"8.00"}]
[2,"砌气泡砖（150厚）","1、气泡砖，墙体厚度150mm\n2、湿拌砌筑浆，砌筑灰缝≥5mm M10\n","㎡",{"v":15.5,"d":"15.50"}]
[3,"砖墙水泥沙批荡","1、墙、柱面钉（挂）钢（铁）网 铁丝网\n2、底层抹灰15mm 各种墙面 内墙 实际水泥石灰砂浆厚度（mm)：20\n3、湿拌抹灰砂浆 一次抹灰厚度≥5mm M20","㎡",{"v":35,"d":"35.00"}]
[4,"墙身扇灰油ICI","1、成品腻子粉（一般型）Y型，墙面满刮一遍实际腻子遍数（遍）：2\n2、乳胶漆底油二遍面油二遍，抹灰面 墙柱面","㎡",{"v":35,"d":"35.00"}]
[5,"电路","配线\n1.名称:电线\n2.规格:WDZ-BYJ-(3*2.5)\n3、配管DN25，镀锌电线管砖、混凝土结构暗配 公称直径( mm以内) 25","m",{"v":200,"d":"200.00"}]
[6,"开关插座","二三极插座\n1.名称:二三极插座\n2.规格:220V/16A\n3.安装方式:墙上暗装底边距地0.3m","个",{"v":20,"d":"20.00"}]
[7,"灯盘（600*1200）","1、反光灯盘\n2、1200*3支灯管","支",{"v":1,"d":"1.0"}]
[null,"小计"]
["三、康复科加装铝合金隔墙"]
[1,"铝合金隔墙","1、76*44铝合金方通\n2、1.4厚灰色铝合金\n3、实木花格\n4、10厘钢化清玻璃砂","㎡",{"v":12,"d":"12.0"}]
[2,"铝合金趟门洞","1、76*44铝合金方通\n2、1.4厚灰色铝合金\n3、10厘钢化清玻璃砂","套",{"v":1,"d":"1.0"}]
[null,"小计"]
["四、门诊眼科给排水整改",{"$nulls":8},"≥"]
[1,"拆原有排水管","1、破坏性拆除","樘",{"v":1,"d":"1.0"}]
[2,"接驳5分排水管","1..输送介质:排水\n2.材质:PVC(硬聚氯乙烯)管PN=1.0MPa\n3.型号、规格:DN15\n4.连接方式:粘接 ","m",{"v":40,"d":"40.0"}]
[3,"防具弯头","\n1.材质:PVC(硬聚氯乙烯)管PN=1.0MPa\n2.连接方式:粘接 ","个",{"v":14,"d":"14.0"}]
[4,"楼层钻孔","1、人工水钻\n2、孔径￠75","个",{"v":4,"d":"4.0"}]
[5,"一楼天花内连接排水管","1、材质、规格:PP-R塑料\n2、专用胶水接驳","m",{"v":20,"d":"20.0"}]
[6,"地面开口接管","1、抛光砖地面\n2、掏空地下垫层（300mm)","樘",{"v":8,"d":"8.00"}]
[7,"地面水泥沙复原","1、水泥瓜米石砂浆\n2、地面复原原有抛光砖","宗",{"v":4,"d":"4.00"}]
[8,"楼板钻孔处防水处理","1、膨胀水泥封孔\n2、聚氨酯软性防水层贴纤维布（2层）\n3、处理楼层积水（300㎡）\n4、 清洗管口\n5、楼板底制模\n6、局部护坡试水                                                 ","宗",{"v":4,"d":"4.00"}]
[9,"5分直通","1、联塑PVC\n2、专用胶水接驳","个",{"v":30,"d":"30.00"}]
[10,"5分90度弯头","1、联塑PVC\n2、专用胶水接驳","个",{"v":15,"d":"15.00"}]
[11,"附材","1、专用胶水\n2、生料圈等","批",{"v":1,"d":"1.0"}]
[null,"小计"]
["五、","安全措施费",null,"宗",{"v":1,"d":"1.0"}]
["六","建筑废料清理",null,"宗",{"v":1,"d":"1.00"}]
["七","清洁",null,"宗",{"v":1,"d":"1.00"}]
[null,"小计"]
[null,"工程直接费合计"]
[1,"工程管理费",null,"元",{"v":0.05,"d":"5%"}]
[2,"工程税收",null,"元",{"v":0.09,"d":"9%"}]
[3,"工程总造价"]

{"sheet":"NO","index":1,"n_rows":88,"n_cols":7,"rows_kept":88,"hidden":true,"merged":[[0,0,0,6],[78,0,78,6],[79,3,79,4],[80,1,80,3],[80,5,80,6],[81,1,81,3],[81,5,81,6],[82,1,82,3],[82,5,82,6],[83,1,83,3],[83,5,83,6],[84,1,84,3],[84,5,84,6],[85,1,85,3],[85,5,85,6],[86,0,86,6],[87,1,87,3],[87,5,87,6]]}
["番禺区中心医院住院部2号楼4楼产科产房改造项目方案二(整层改造)\n概算建安费"]
["序号","项目名称","单位","数量","单价","合价","备注"]
[1,"原B超、入院处理室改造大病房","元",null,null,{"$f":"SUM(F4:F16)","v":{"v":110880,"d":"110,880.0"}}]
["1.1","拆除块料地面\n含废料二次运输、垃圾外运","m²",{"v":53,"d":"53.0"},{"v":60,"d":"60.0"},{"$f":"D4*E4","v":{"v":3180,"d":"3,180.0"}}]
["1.2","拆除硅钙板天花\n含废料二次运输、垃圾外运","m²",{"$f":"D4","v":{"v":53,"d":"53.0"}},{"v":20,"d":"20.0"},{"v":1060,"d":"1,060.0"}]
["1.3","拆除墙体\n含废料二次运输、垃圾外运","m²",{"$f":"11*4","v":{"v":44,"d":"44.0"}},{"v":65,"d":"65.0"},{"v":2860,"d":"2,860.0"}]
["1.4","新建卫生间\n砌墙、批荡、防水、地砖、门、墙砖、天花、洗手台、洁具卫浴、扶手、给排水等","间",{"v":1,"d":"1.0"},{"v":36000,"d":"36000.0"},{"v":36000,"d":"36,000.0"}]
["1.5","病房地面PVC地板胶（含过水泥砂找平层、水泥自泥平、材料二次运输）","m²",{"v":48,"d":"48.0"},{"v":315,"d":"315.0"},{"v":15120,"d":"15,120.0"}]
["1.6","病房新建天花\n硅钙板天花、乳胶漆","m²",{"v":48,"d":"48.0"},{"v":300,"d":"300.0"},{"v":14400,"d":"14,400.0"}]
["1.7","病房墙裙瓷砖 1.2米高\n含材料二次运输","m²",{"v":34,"d":"34.0"},{"v":170,"d":"170.0"},{"v":5780,"d":"5,780.0"}]
["1.8","墙身扇灰乳胶漆\n含铲除扇灰、抗碱底漆2遍，刮腻子2遍，底油2遍，面油2遍","m²",{"v":48,"d":"48.0"},{"v":55,"d":"55.0"},{"v":2640,"d":"2,640.0"}]
["1.9","病房钢质烤漆防火门 1200X2400","樘",{"v":1,"d":"1.0"},{"v":5500,"d":"5500.0"},{"v":5500,"d":"5,500.0"}]
["1.10","电视柜、背景墙","m²",{"$f":"3*2.9","v":8.7},{"v":700,"d":"700.0"},{"v":6090,"d":"6,090.0"}]
["1.11","衣柜 1800X2600","个",{"v":1,"d":"1.0"},{"v":5000,"d":"5000.0"},{"v":5000,"d":"5,000.0"}]
["1.12","配电箱、照明电气、空调电源","m²",{"v":53,"d":"53.0"},{"v":250,"d":"250.0"},{"v":13250,"d":"13,250.0"}]
[]
[2,"医生办公室改大病房","元",null,null,{"$f":"SUM(F18:F31)","v":{"v":108605,"d":"108,605.0"}}]
["2.1","拆除块料地面\n含废料二次运输、垃圾外运","m²",{"v":53,"d":"53.0"},{"v":60,"d":"60.0"},{"$f":"D18*E18","v":{"v":3180,"d":"3,180.0"}}]
["2.2","拆除硅钙板天花\n含废料二次运输、垃圾外运","m²",{"$f":"D18","v":{"v":53,"d":"53.0"}},{"v":20,"d":"20.0"},{"v":1060,"d":"1,060.0"}]
["2.3","新建卫生间\n砌墙、批荡、防水、地砖、门、墙砖、天花、洗手台、洁具卫浴、扶手、给排水等","间",{"v":1,"d":"1.0"},{"v":36000,"d":"36000.0"},{"v":36000,"d":"36,000.0"}]
["2.4","阳台地砖\n含水泥砂浆找平、防水处理","m²",{"v":5,"d":"5.0"},{"v":250,"d":"250.0"},{"v":1250,"d":"1,250.0"}]
["2.5","阳台铝合金玻璃趟门2米X2.8米","樘",{"v":1,"d":"1.0"},{"v":4000,"d":"4000.0"},{"v":4000,"d":"4,000.0"}]
["2.6","病房地面PVC地板胶（含过水泥砂找平层、水泥自泥平、材料二次运输）","m²",{"v":43,"d":"43.0"},{"v":315,"d":"315.0"},{"v":13545,"d":"13,545.0"}]
["2.7","病房新建天花\n硅钙板天花、乳胶漆","m²",{"v":48,"d":"48.0"},{"v":300,"d":"300.0"},{"v":14400,"d":"14,400.0"}]
["2.8","病房墙裙瓷砖 1.2米高\n含材料二次运输","m²",{"v":34,"d":"34.0"},{"v":170,"d":"170.0"},{"v":5780,"d":"5,780.0"}]
["2.9","墙身扇灰乳胶漆\n含铲除扇灰、抗碱底漆2遍，刮腻子2遍，底油2遍，面油2遍","m²",{"v":48,"d":"48.0"},{"v":55,"d":"55.0"},{"v":2640,"d":"2,640.0"}]
["2.10","病房钢质烤漆防火门 1200X2400","樘",{"v":1,"d":"1.0"},{"v":5500,"d":"5500.0"},{"v":5500,"d":"5,500.0"}]
["2.11","电视柜","m",{"v":3,"d":"3.0"},{"v":1000,"d":"1000.0"},{"v":3000,"d":"3,000.0"}]
["2.12","衣柜 1800X2600","个",{"v":1,"d":"1.0"},{"v":5000,"d":"5000.0"},{"v":5000,"d":"5,000.0"}]
["2.13","配电箱、照明电气、空调电源","m²",{"v":53,"d":"53.0"},{"v":250,"d":"250.0"},{"v":13250,"d":"13,250.0"}]
[]
[3,"配合病房更新空调安装项目","元",null,null,{"$f":"SUM(F33:F35)","v":{"v":28200,"d":"28,200.0"}}]
[3.1,"拆除阳台天花\n含废料二次运输、垃圾外运","间",{"v":12,"d":"12.0"},{"v":350,"d":"350.0"},{"$f":"D33*E33","v":{"v":4200,"d":"4,200.0"}}]
[3.2,"修复阳台硅钙板天花\n含扇灰乳胶漆、材料二次运输","间",{"v":12,"d":"12.0"},{"v":2000,"d":"2000.0"},{"v":24000,"d":"24,000.0"}]
[]
[4,"局部翻新项目","元",null,null,{"$f":"SUM(F37:F49)","v":{"v":96320,"d":"96,320.0"}}]
["4.1","走廊墙面涂料翻新\n含铲除扇灰、抗碱底漆2遍，刮腻子2遍，底油2遍，面油2遍","m²",{"v":105,"d":"105.0"},{"v":55,"d":"55.0"},{"$f":"D37*E37","v":{"v":5775,"d":"5,775.0"}}]
["4.2","走廊天花涂料翻新\n含铲除扇灰、抗碱底漆2遍，刮腻子2遍，底油2遍，面油2遍","m²",{"v":136,"d":"136.0"},{"v":55,"d":"55.0"},{"v":7480,"d":"7,480.0"}]
["4.3","房间墙面涂料翻新\n含铲除扇灰、抗碱底漆2遍，刮腻子2遍，底油2遍，面油2遍","m²",{"$f":"27*12","v":{"v":324,"d":"324.0"}},{"v":55,"d":"55.0"},{"v":17820,"d":"17,820.0"}]
["4.4","房间天花涂料翻新\n含铲除扇灰、抗碱底漆2遍，刮腻子2遍，底油2遍，面油2遍","m²",{"$f":"20*12","v":{"v":240,"d":"240.0"}},{"v":55,"d":"55.0"},{"v":13200,"d":"13,200.0"}]
["4.5","房间和走廊部分墙裙瓷砖修复\n含拆除破损瓷砖、批荡和贴瓷砖","m²",{"v":35,"d":"35.0"},{"v":220,"d":"220.0"},{"v":7700,"d":"7,700.0"}]
["4.6","生活区值班室走廊墙裙瓷砖\n含铲除批荡、重新批荡贴瓷砖","m²",{"v":26,"d":"26.0"},{"v":220,"d":"220.0"},{"v":5720,"d":"5,720.0"}]
["4.7","生活区值班室墙面涂料翻新\n含铲除批荡、重新批荡贴瓷砖","m²",{"$f":"38+95","v":{"v":133,"d":"133.0"}},{"v":55,"d":"55.0"},{"v":7315,"d":"7,315.0"}]
["4.8","生活区值班室走廊天花\n含铲除扇灰、抗碱底漆2遍，刮腻子2遍，底油2遍，面油2遍","m²",{"v":30,"d":"30.0"},{"v":55,"d":"55.0"},{"v":1650,"d":"1,650.0"}]
["4.9","房间柜门修复\n含修复门铰、门锁和门板等","间",{"v":12,"d":"12.0"},{"v":500,"d":"500.0"},{"v":6000,"d":"6,000.0"}]
["4.10","房间淋浴花洒头更换（普通）","套",{"v":12,"d":"12.0"},{"v":55,"d":"55.0"},{"v":660,"d":"660.0"}]
["4.11","房间更换坐厕\n拆除和新安装坐厕","套",{"v":12,"d":"12.0"},{"v":1500,"d":"1500.0"},{"v":18000,"d":"18,000.0"}]
["4.12","其他零星翻新项目\n部分龙头、门锁、角阀更换等","项",{"v":1,"d":"1.0"},{"v":5000,"d":"5000.0"},{"v":5000,"d":"5,000.0"}]
[]
[5,"房产区域改造病房","元",null,null,{"$f":"SUM(F51:F67)","v":{"v":1733164,"d":"1,733,164.0"}}]
["5.1","拆除产区地面地板胶及找平导\n含废料二次运输、垃圾外运","m²",{"v":590,"d":"590.0"},{"v":35,"d":"35.0"},{"$f":"D51*E51","v":{"v":20650,"d":"20,650.0"}}]
["5.2","拆除产区天花玻镁板\n含废料二次运输、垃圾外运","m²",{"v":590,"d":"590.0"},{"v":50,"d":"50.0"},{"v":29500,"d":"29,500.0"}]
["5.3","拆除产区墙面玻镁板及门\n含废料二次运输、垃圾外运","m²",{"$f":"(53+9+19+12.8+74+41+5.2*4+3.4*2+22.7)*3","v":777.3},{"v":50,"d":"50.0"},{"v":38865,"d":"38,865.0"}]
["5.4","拆除污物通道墙面砖\n含废料二次运输、垃圾外运","m²",{"$f":"24*2*3","v":{"v":144,"d":"144.0"}},{"v":50,"d":"50.0"},{"v":7200,"d":"7,200.0"}]
["5.5","拆除电气线路和灯具\n含废料二次运输、垃圾外运","m²",{"v":590,"d":"590.0"},{"v":10,"d":"10.0"},{"v":5900,"d":"5,900.0"}]
["5.6","新建标准病房 面积约30m²/间\n含砌墙、门、地板胶、天花、阳台、卫生间、柜、电气","间",{"v":14,"d":"14.0"},{"v":100000,"d":"100000.0"},{"v":1400000,"d":"1,400,000.0"}]
["5.7","被服室\n砌墙、门、地砖、天花、墙面涂料等","m²",{"v":19,"d":"19.0"},{"v":600,"d":"600.0"},{"v":11400,"d":"11,400.0"}]
["5.8","公卫 面积约9m²\n砌墙、防水、地砖、墙砖、隔板、洗手盆、给排水等","间",{"v":1,"d":"1.0"},{"v":20000,"d":"20000.0"},{"v":20000,"d":"20,000.0"}]
["5.9","走廊地面PVC地板胶（含过水泥砂找平层、水泥自泥平、材料二次运输）","m²",{"v":125,"d":"125.0"},{"v":315,"d":"315.0"},{"v":39375,"d":"39,375.0"}]
["5.10","走廊活动天花","m²",{"v":125,"d":"125.0"},{"v":220,"d":"220.0"},{"v":27500,"d":"27,500.0"}]
["5.11","走廊墙裙墙砖","m²",{"$f":"60*1.2","v":{"v":72,"d":"72.0"}},{"v":170,"d":"170.0"},{"v":12240,"d":"12,240.0"}]
["5.12","走廊墙面涂料","m²",{"$f":"60*1.7","v":{"v":102,"d":"102.0"}},{"v":42,"d":"42.0"},{"v":4284,"d":"4,284.0"}]
["5.13","走廊电气照明","m²",{"v":125,"d":"125.0"},{"v":250,"d":"250.0"},{"v":31250,"d":"31,250.0"}]
["5.14","走廊扶手","m",{"v":40,"d":"40.0"},{"v":150,"d":"150.0"},{"v":6000,"d":"6,000.0"}]
["5.15","消防改造","m²",{"v":590,"d":"590.0"},{"v":100,"d":"100.0"},{"v":59000,"d":"59,000.0"}]
["5.16","其他零星改造","项",{"v":1,"d":"1.0"},{"v":20000,"d":"20000.0"},{"v":20000,"d":"20,000.0"}]
[]
[6,"其他措施费用",{"$nulls":3},{"$f":"SUM(F69:F73)","v":{"v":158800,"d":"158,800.0"}}]
["6.1","临时围蔽","项",{"v":1,"d":"1.0"},{"v":2000,"d":"2000.0"},{"$f":"D69*E69","v":{"v":2000,"d":"2,000.0"}}]
["6.2","地面保护、开荒清洁等","m2",{"v":1340,"d":"1340.0"},{"v":20,"d":"20.0"},{"v":26800,"d":"26,800.0"}]
["6.3","安全文明施工费","项",{"v":1,"d":"1.0"},{"v":80000,"d":"80000.0"},{"v":80000,"d":"80,000.0"}]
["6.4","预算包干费","项",{"v":1,"d":"1.0"},{"v":50000,"d":"50000.0"},{"v":50000,"d":"50,000.0"}]
[]
["一","分部分项合计","元",null,null,{"$f":"SUM(F3:F73)/2","v":{"v":2235969,"d":"2,235,969.0"}}]
["二","税金","元",null,null,{"$f":"F74*0.09","v":{"v":201237.21,"d":"201,237.2"}}]
["三","含税工程税价","元",null,null,{"$f":"F74+F75","v":{"v":2437206.21,"d":"2,437,206.2"}}]
["注：不包含空调、弱电、医疗设备相关改造"]
[]
["番禺区中心医院住院部2号楼4楼产科产房改造项目方案二(整层改造)\n概算总估算表"]
[{"$nulls":6},"单位：万元"]
["序号","工程或费用名称",null,null,"单位","概算投资额"]
["A","建安费",null,null,"万元",{"$f":"F76/10000","v":{"v":243.720621,"d":"243.72"}}]
["B","工程建设其它费用",null,null,"万元",{"$f":"SUM(F84:G86)","v":25.55}]
["（一）","设计费",null,null,"万元",{"v":15.2,"d":"15.20"}]
["（二）","招标费",null,null,"万元",2.35]
["（三）","建设工程监理费",null,null,"万元",{"v":8,"d":"8.00"}]
[]
["C","合计 A+B",null,null,"万元",{"$f":"F82+F83","v":{"v":269.270621,"d":"269.27"}}]